The Greek Commonwealth : Politics and Economics in Fifth-Century Athens /
Guardado en:
| 主要作者: | |
|---|---|
| 格式: | 圖書 |
| 語言: | 英语 |
| 出版: |
Nueva York, EUA :
Oxford University,
1915
|
| 版: | 2a edición |
| 主題: | |
| 標簽: |
沒有標簽, 成為第一個標記此記錄!
|
MARC
| LEADER | 00000nam^a2200000^a^4500 | ||
|---|---|---|---|
| 001 | 000015940 | ||
| 005 | 20250526000000.0 | ||
| 009 | 20260526113410.818 | ||
| 037 | |a Acervo ITESO - Biblioteca | ||
| 041 | |a ING | ||
| 082 | |a 949. 501 |b ZIM | ||
| 100 | |a Zimmern, Alfred E. |e (autor) | ||
| 245 | 1 | 4 | |a The Greek Commonwealth : |b Politics and Economics in Fifth-Century Athens / |c A.E. Zimmern. |
| 250 | |a 2a edición |b revisada | ||
| 264 | 1 | |a Nueva York, EUA : |b Oxford University, |c 1915 | |
| 300 | |a 459 p. ; |c 23.5 cm. | ||
| 336 | |a texto |b txt |2 rdacontenido | ||
| 337 | |a sin mediación |b n |2 rdamedio | ||
| 338 | |a volumen |b nc |2 rdasoporte | ||
| 649 | |a XX | ||
| 650 | |a Política - |z Grecia - |x Historia - |y Período Clásico, 479-323 a.C. | ||
| 650 | |a Economía - |z Grecia - |x Historia - |y Período Clásico, 479-323 a.C. | ||
| 650 | |a Grecia - |x Historia - |y Supremacía Ateniense, 479-431 a.C. | ||
| 650 | |a Grecia - |x Historia - |y Período Clásico, 479-323 a.C. | ||
| 650 | |a Historia Antigua | ||
| 910 | |a Fondo General | ||
| 920 | |a Impresos - Libros | ||
| 930 | |a Libros Antiguos y Raros | ||
| 905 | |a 108 | ||
| 901 | |a 0159400100 |b IT2 |c LRA |i 015940 |u 20250526 | ||
| 902 | |a https://opac.biblio.iteso.mx/vufind/Record/000015940 | ||